000 00287nam a22000977a 4500
005 20250901165331.0
008 210312b ||||| |||| 00| 0 eng d
050 _aTK7815
245 _aFundamentals of electronics (VOLUME 1)
_cOWEN, GEORGE E.
942 _2lcc
_hTK7815 .L46 1966
999 _c2317
_d2317